Normal view
MARC view
- تأليف الخطيب، أحمد حامد ؛ م.مشارك حسين مد الله الطراونة
Entry Personal Name
001 - CONTROL NUMBER
- control field: 31588
003 - CONTROL NUMBER IDENTIFIER
- control field: JO-AjAnu
005 - DATE AND TIME OF LATEST TRANSACTION
- control field: 20230606075322.0
008 - FIXED-LENGTH DATA ELEMENTS
- fixed length control field: 230606|| aca||aabn | a|a d
040 ## - CATALOGING SOURCE
- Original cataloging agency: JO-AjAnu
- Transcribing agency: JO-AjAnu
100 ## - HEADING--PERSONAL NAME
- Personal name: تأليف الخطيب، أحمد حامد ؛ م.مشارك حسين مد الله الطراونة
670 ## - SOURCE DATA FOUND
- Source citation: Work cat.: (JO-AjAnu)16218: تأليف الخطيب، أحمد حامد ؛ م.مشارك حسين مد الله الطراونة, author, القياس والتشخيص في التربية الخاصة